000 00378cam a2200169ua 4500
001 8606
008 160909n1986 II |||gr||||Z||||||eng
040 _aMAIN
041 _aEnglish
082 _a822 NIC
100 _aNICOLL.A,
_eAUTHOR.,
245 _aTHE THEORY OF DRAMA
260 _aNEW DELHI
_bDOOBA HOUSE
_c1986
300 _a261.
653 _aEnglish drama
942 _cBK
999 _c8582
_d8582